Ali Babá e os quarenta ladrões (Registo nº 1524)

Detalhes MARC
000 -Etiqueta do registo
Cabeçalho 00881nam0a2200277 4500
005 - Identificador da versão
Campo de controlo 20240813121839.0
010 ## - Número internacional normalizado dos livros (ISBN)
Número (ISBN) 9789720726988
021 ## - Número do Depósito Legal
Código do país PT
Número 372493/14
100 ## - Dados gerais de processamento
Dados gerais de processamento 20150810e2014 d y0pory5003 ba
102 ## - Pais de publicação ou produção
País de publicação Portugal
101 1# - Língua de publicação
Língua do texto, banda sonora, etc. Português
Língua do documento no original Francês
215 ## - Descrição física 
Indicação específica da natureza do documento e extensão da espécie 78, [1] p.
Outras indicações físicas il. color
200 1# - Titulo e menção de responsabilidade
Título próprio Ali Babá e os quarenta ladrões
Primeira menção de responsabilidade adapt. Luc Lefort
Outras menções de responsabilidade adapt. para a língua port. António Pescada
-- il. Daniele Fabbri
225 2# - Colecção 
Título próprio da colecção Educação literária
210 ## - Publicação, Distribuição, etc. 
Lugar da edição, distribuição, etc. Porto
Nome do editor, distribuidor, etc. Porto Ed.
Data da publicação, distribuição, etc. 2014
300 ## - Notas gerais 
Texto da nota Metas Curriculares
606 ## - Nome comum usado como assunto
Número de registo de entrada de autoridade 0002403
Palavra de ordem Literatura francesa
Subdivisão de assunto Conto
Código do sistema CA
675 ## - Classificação Decimal Universal (CDU)
Notação 821.133.1-34
Edição 3ª ed.
Língua da edição por
702 #1 - Nome de autor-pessoa física (responsabilidade secundária)
Número de registo de entrada de autoridade 0002400
Palavra de ordem Lefort
Outra parte do nome não tomada para palavra de ordem Luc
Código de função Adaptador
Número de registo de entrada de autoridade 0002401
Palavra de ordem Pescada
Outra parte do nome não tomada para palavra de ordem António
Datas 1938-
Código de função Adaptador
Número de registo de entrada de autoridade 0002402
Palavra de ordem Fabbri
Outra parte do nome não tomada para palavra de ordem Daniele
Código de função Ilustrador / Técnico de desenho computorizado
966 ## - Identificação da Biblioteca
Sigla EB2,3ENM
942 ## - Elementos de entrada adicionados (Koha)
Tipo de item no Koha Livro
Exemplares
Situação do levantamento Origin of item (home branch) (coded) Biblioteca de empréstimo Código de barras Cota Circulation type (not for loan) Tipo de documento Nota do exemplar Damaged status
  Biblioteca Escolar Eng. Nuno Mergulhão Biblioteca Escolar Eng. Nuno Mergulhão BENM3657 82LE-34 ALI MET   Livro Sem mensagem